000 00583nam a2200217 a 4500
999 _c4712
_d4712
001 4712
003 BD-JhCC
005 20171130130913.0
008 171130s bg a|||| || | 000 0 eng d
035 _a(BD-JhCC)4712
040 _aBD-JhCC
_dBD-JhCC
041 _aeng
082 _a301.154395492
_bBAN
100 _aBangladesh
245 _aBangladesh Genocide and World Press /
_cFazlul Quader Quaderi (Edited)
260 _aDacca :
_bBegum Delafroz Chowdhury,
300 _a304 p. :
_c24 cm.
700 _aQuaderi, Fazlul Quader (Edited)
942 _2ddc
_cBK